000 00919nab a2200277 u 4500
001 16222
003 HDC
007 cr bn ---aaaaa
008 210201b20090904my ||||| |||| 00| 0 may d
040 _aHDC
245 0 _aFelda Kenalpasti Empat Jenis Makanan Untuk Gedung Makanan Negara
260 _aKuala Lumpur :
_bBernama,
_c2009
300 _a1 online resource
336 _atext
_2rdacontent
337 _acomputer
_2rdamedia
338 _aonline resource
_2rdacarrier
610 _aThe Chicken Rice Shop
_916093
650 _aCommerce
_9766
650 _aFood
_xReligious aspects
_xIslam
_9239
650 _aHalal food
_zMalaysia
_9332
710 _aBernama,
_eissung body
856 _zRequest full-text at [email protected]
942 _2lcc
942 _cNEWS
942 _kNWSO 004043
999 _c13538
_d13538